000
00469nam a2200145Ia 4500
008
151213s9999 xx 000 0 und d
100
_a
সাঈদ রহমান।
245
_a
অগ্নিøাত অঙ্গার
_c
সাঈদ রহমান।
260
_a
ঢাকা
_b
মেী প্রকাশনী।
_c
2001
300
_a
4611 p.
650
_a
Bangla
650
_a
কবিতা
700
_a
সাঈদ রহমান।
999
_c
2969
_d
2969